The ILO in the service of social progress.

Guardat en:
Dades bibliogràfiques
Autor corporatiu: International Labour Office
Format: Llibre
Idioma:English
Publicat: Geneva : I.L.O., 1969.
Matèries:
LEADER 01047nam a2200253 a 4500
001 c000181554
003 CARM
005 19910503000000.0
008 830225s1969 000 0 eng d
019 1 |a 2488783  |5 LACONCORD2021 
035 |a (OCoLC)48192784  |5 LACONCORD2021 
040 |a VCAV  |b eng  |c VCAV  |d ABN-SNR 
082 0 4 |a 331.0601 
110 2 |a International Labour Office. 
245 1 4 |a The ILO in the service of social progress. 
260 |a Geneva :  |b I.L.O.,  |c 1969. 
300 |a 209 p. :  |b ill. 
500 |a "The present volume, which has been prepared for the fiftieth anniversary of the ILO, is a new version of Labour faces the new age, published in 1965.". 
610 2 0 |a International Labour Organisation. 
650 0 |a Labor. 
710 2 |a International Labour Office  |t Labour faces the new age. 
852 8 |b CARM  |h A2:AK21B0  |i B05429  |p 0243635  |f BK 
999 f f |i 13b92ebe-6142-5bbb-a7e6-072cbfe1c844  |s efae59a8-609d-537a-a2d3-3cf2b820b649 
952 f f |p Can circulate  |a CAVAL  |b CAVAL  |c CAVAL  |d CARM 1 Store  |e B05429  |f A2:AK21B0  |h Other scheme  |i book  |m 0243635